[Event "Mistrovstvi CR junioru a dorostencu 2018"]
[Site "Kouty nad Desnou"]
[Date "2018.03.14"]
[Round "7"]
[White "Zeman, Matyas"]
[Black "Husek, Martin"]
[Result "1-0"]
[WhiteElo "2240"]
[BlackElo "2203"]
[EventDate "2018.03.09"]

1. e4  c5  2. Nf3  Nc6
3. Bb5  g6  4. O-O
Bg7  5. Re1  Nf6
6. e5  Ng4  7. Bxc6
dxc6  8. d3  O-O
9. Bf4  f6  10. Nc3
fxe5  11. Bg3  e4
12. Nxe4  b6  13. Rb1
h6  14. Qe2  Nf6
15. Ne5  Qe8  16. a4
Bf5 17. Nc4  Nxe4  18. dxe4
Be6  19. Ne5  Rd8
20. Rbd1  Rxd1  21. Rxd1
Kh7  22. Qd3  Qc8
23. b3  Bf6  24. Nd7
Rf7  25. Ne5  Rf8
26. a5  b5  27. Nd7
Bxd7  28. Qxd7  Kg8
29. e5  Qxd7  30. Rxd7
Bg5  31. h4  Bf4
32. Rxe7  Bxg3  33. fxg3
c4  34. bxc4  bxc4
35. Re6  Kf7  36. Rf6+
Kg7  37. Rxc6  Re8
38. Rc5  Rd8  39. Rc7+
Kg8  40. a6  Re8
41. Rxa7  Rxe5  42. Rb7
1-0

[Event "Mistrovstvi CR junioru a dorostencu 2018"]
[Site "Kouty nad Desnou"]
[Date "2018.03.15"]
[Round "8"]
[White "Hollan, Martin"]
[Black "Husek, Martin"]
[Result "1-0"]
[WhiteElo "2210"]
[BlackElo "2203"]
[EventDate "2018.03.09"]

1. e4  c5  2. Nf3  e6
3. d4  cxd4  4. Nxd4
Nc6  5. Nc3  a6
6. g3  d6  7. Bg2  Bd7
8. O-O  Qc7  9. Nxc6
Bxc6  10. Re1  Be7
11. Bf4  Nf6  12. a4
O-O  13. Qe2  Rac8
14. a5  Nd7  15. Nd5
Bxd5  16. exd5  e5
17. c3  exf4  18. Qxe7
Ne5  19. Rxe5  dxe5
20. d6  Qc5  21. Bxb7
Rfe8  22. Bxc8  Rxe7
23. dxe7  Qxe7  24. Bxa6
Qe6  25. Bb7  Qb3
26. a6  Qxb2  27. Rd1
Kf8  28. a7  Qxb7
29. Rd8+  Ke7  30. a8=Q
Qb1+  31. Kg2  f3+
32. Kxf3  Qh1+  33. Ke2
e4  34. Re8+  Kf6
35. Qxe4  1-0

[Event "Mistrovstvi CR junioru a dorostencu 2018"]
[Site "Kouty nad Desnou"]
[Date "2018.03.15"]
[Round "8"]
[White "Simet, Martin"]
[Black "Zeman, Matyas"]
[Result "0-1"]
[WhiteElo "2175"]
[BlackElo "2240"]
[EventDate "2018.03.09"]

1. e4  e6  2. d3  d5
3. Nd2  Nf6  4. Ngf3
c5  5. g3  Nc6
6. Bg2  Be7  7. O-O  O-O
8. c3  b6  9. Qa4
Rb8  10. a3  b5
11. Qc2  dxe4  12. dxe4  Qc7
13. Re1  e5  14. Nf1
h6  15. Ne3  Be6
16. Nh4  Rfd8  17. Nef5
Bf8  18. h3  Na5
19. Bf1  Nb3  20. Rb1
Nxc1  21. Rbxc1  c4
22. Qe2  g6  23. Ne3
Nxe4  24. Ng4  Nc5
25. Qxe5  Qxe5  26. Nxe5
Rd2  27. Nc6  Rb6
28. Nd4  Rxb2  29. Rb1
Rxb1  30. Rxb1  Nb3
31. Nxe6  Rxe6  32. a4
a6  33. axb5  axb5
34. Ng2  Bc5  35. Nf4
Rd6  36. Rb2  g5
37. Ne2  Rf6  38. Nd4
Bxd4  39. cxd4  Nxd4
0-1

[Event "Mistrovstvi CR junioru a dorostencu 2018"]
[Site "Kouty nad Desnou"]
[Date "2018.03.15"]
[Round "8"]
[White "Novy, Filip"]
[Black "Hurdzan, Tomas"]
[Result "1-0"]
[WhiteElo "2143"]
[BlackElo "2202"]
[EventDate "2018.03.09"]

1. e4  c5  2. Nf3  Nc6
3. d4  cxd4  4. Nxd4
Nf6  5. Nc3  d6
6. Bg5  e6  7. Bb5  Bd7
8. Bxc6  bxc6  9. Qf3
h6  10. Bh4  Qb6
11. Nb3  Be7  12. O-O-O
Qc7  13. e5  dxe5
14. Rhe1  Rd8  15. Ne4
Nd5  16. Bxe7  Kxe7
17. c4  Nb6  18. Nd6
Be8  19. c5  Nd5
20. Qg3  Kf8  21. Qxe5
Qe7  22. f4  f6
23. Qe4  Rxd6  24. cxd6  Qxd6
25. Qxe6  Qxe6  26. Rxe6
Nxf4  27. Re4  Nd5
28. Ra4  g5  29. Rxa7
Ne3  30. Rd8  1-0

[Event "Mistrovstvi CR junioru a dorostencu 2018"]
[Site "Kouty nad Desnou"]
[Date "2018.03.15"]
[Round "8"]
[White "Kozusek, Daniel"]
[Black "Rastocny, Josef"]
[Result "1-0"]
[WhiteElo "2250"]
[BlackElo "2098"]
[EventDate "2018.03.09"]

1. d4  Nf6  2. c4  g6
3. g3  Bg7  4. Bg2
O-O  5. Nc3  d6
6. Nf3  c5  7. d5  a6
8. a4  Qa5  9. Bd2
Bg4  10. O-O  Bxf3
11. exf3  Nbd7  12. f4
Qc7  13. Re1  Rfe8
14. Bh3  Nf8  15. f5
gxf5  16. Bxf5  e6
17. dxe6  fxe6  18. Bh3
d5  19. Bf4  Qf7
20. Be5  N8d7  21. Bxf6
Nxf6  22. Qe2  e5
23. cxd5  Nxd5  24. Ne4
Rad8  25. Rad1  Kh8
26. Qc4  Qh5  27. Rxd5
Rxd5  28. Qxd5  Qxh3
29. Ng5  1-0

[Event "Mistrovstvi CR junioru a dorostencu 2018"]
[Site "Kouty nad Desnou"]
[Date "2018.03.15"]
[Round "8"]
[White "Stepan, Patrik"]
[Black "Pychova, Nela"]
[Result "0-1"]
[WhiteElo "2226"]
[BlackElo "2127"]
[EventDate "2018.03.09"]

1. d4  Nf6  2. c4  e6
3. Nf3  d5  4. g3
Bb4+  5. Bd2  Be7
6. Bg2  O-O  7. O-O
c6  8. Qc2  Nbd7
9. Rd1  b6  10. Bf4
Bb7  11. Ne5  Nh5
12. Bc1  Nhf6  13. b3
Rc8  14. Bb2  Qc7
15. Nd2  c5  16. Nxd7
Qxd7  17. dxc5  Rxc5
18. Ne4  Nxe4  19. Qxe4
f5  20. Qe3  Bd6
21. cxd5  exd5  22. Ba3
f4  23. gxf4  Bxf4
24. Qd4  Qd6  25. Bxc5
bxc5  26. Bxd5+  Kh8
27. Qe4  Bxh2+  28. Kh1
Be5  0-1

[Event "Mistrovstvi CR junioru a dorostencu 2018"]
[Site "Kouty nad Desnou"]
[Date "2018.03.15"]
[Round "8"]
[White "Liska, Jiri"]
[Black "Havelka, Josef"]
[Result "0-1"]
[WhiteElo "2341"]
[BlackElo "2333"]
[EventDate "2018.03.09"]

1. Nf3  Nf6  2. c4  g6
3. g3  Bg7  4. Bg2
O-O  5. O-O  d6
6. d4  Nbd7  7. Nc3  e5
8. h3  a6  9. dxe5
dxe5  10. Be3  Re8
11. Qb3  Bf8  12. Rfd1
h6  13. c5  Qe7
14. Nh4  Nxc5  15. Bxc5  Qxc5
16. Nd5  Nxd5  17. Bxd5
Be6  18. Nxg6  Qb5
19. Qxb5  axb5  20. Nxf8
Kxf8  21. Bxb7  Rxa2
22. Bc6  Rxa1  23. Rxa1
Rb8  24. b4  Rb6
25. Bg2  Ke7  26. f4
exf4  27. gxf4  Rd6
28. Ra5  Bc4  29. Kf2
Rd2  30. Bf3  Rb2
31. Ra7  Kd7  32. Bg4+
Kd6  33. h4  Rxb4
34. e4  Rb2+  35. Ke3
Rb3+  36. Kf2  f6
37. Ra6+  c6  38. Bf3
b4  39. e5+  Kd7
40. Bxc6+  Kc7  41. exf6
Ra3  42. Ba4  Kb7
43. Rc6  Bg8  44. Bb5
Ra5  45. Rc5  Kb6
46. Rc8  Bf7  47. Bc4
Kb7  48. Rd8  Bxc4
49. Rd4  Rc5  50. f7
Bxf7  51. Rxb4+  Kc7
52. Ra4  Kd6  53. Ra7
Rc7  54. Ra8  Ke7
55. Ke3  Kf6  56. Ra5
Rc3+  57. Ke4  Rh3
58. Ra6+  Be6  59. Ra8
Rxh4  60. Rf8+  Bf7
0-1

[Event "Mistrovstvi CR junioru a dorostencu 2018"]
[Site "Kouty nad Desnou"]
[Date "2018.03.15"]
[Round "9"]
[White "Havelka, Josef"]
[Black "Hollan, Martin"]
[Result "0-1"]
[WhiteElo "2333"]
[BlackElo "2210"]
[EventDate "2018.03.09"]

1. e4  e5  2. Nf3  Nc6
3. Bb5  a6  4. Ba4
Nf6  5. O-O  Be7
6. Re1  b5  7. Bb3
O-O  8. c3  d6
9. h3  Na5  10. Bc2  c5
11. d4  Nd7  12. Nbd2
exd4  13. cxd4  Nc6
14. d5  Nce5  15. Nxe5
Nxe5  16. f4  Ng6
17. Nf3  Bh4  18. Nxh4
Qxh4  19. f5  Ne5
20. Be3  Bd7  21. b3
b4  22. Qd2  h6
23. Rf1  Qf6  24. Rae1  a5
25. g4  Qh4  26. Qg2
Bb5  27. Rf2  a4
28. g5  hxg5  29. Bxg5
Nf3+  30. Qxf3  Qxg5+
31. Kh1  axb3  32. axb3
Qf6  33. Rg1  Ra1
34. Bd1  Rfa8  35. Rfg2
R8a2  36. e5  Qxe5
37. Rxg7+  Qxg7  38. Rxg7+
Kxg7  39. Qg3+  Kf6
40. Qh4+  Ke5  41. Qg3+
Kd4  42. Qg4+  Kc3
43. Kg1  f6  44. Qg3+
Bd3  45. Qe1+  Rd2
46. Qe5+  fxe5  0-1

[Event "Mistrovstvi CR junioru a dorostencu 2018"]
[Site "Kouty nad Desnou"]
[Date "2018.03.15"]
[Round "9"]
[White "Pychova, Nela"]
[Black "Liska, Jiri"]
[Result "1/2-1/2"]
[WhiteElo "2127"]
[BlackElo "2341"]
[EventDate "2018.03.09"]

1. Nf3  d5  2. g3  Nf6
3. Bg2  Bf5  4. O-O
h6  5. d3  e6
6. c4  c6  7. b3  Be7
8. Bb2  O-O  9. Nc3
Re8  10. Rc1  Bf8
11. Re1  d4  12. Ne4
e5  13. Nxf6+  Qxf6
14. h3  c5  15. Nh4
Bc8  16. Rf1  Nc6
17. Qd2  Bd7  18. e4
g6  19. Rce1  Kh7
20. Bc1  Bg7  21. Re2
Qe7  22. Qe1  Bf6
23. Nf3  a6  24. Nh2
b5  25. f4  bxc4
26. bxc4  Rab8  27. Ref2
Rf8  28. Qd2  exf4
29. gxf4  Bh4  30. Re2
Bg3  31. Rf3  Bh4
32. Rf1  f6  33. Kh1
g5  34. Qd1  Rb1
35. Rb2  Rxb2  36. Bxb2
Rb8  37. Bc1  Kg7
38. Qh5  Be8  39. Qg4
Bd7  40. Qh5  Rb1
41. e5  fxe5  42. Be4
Qe8  43. Qxe8  Bxe8
44. f5  Nb4  45. f6+
Kf8  46. Kg2  Nxa2
47. Ba3  Rxf1  48. Bxc5+
Kf7  49. Kxf1  Kxf6
50. Ng4+  Ke6  51. Nxh6
Nc3  52. Bh7  Bc6
53. Bg8+  Kf6  54. Ng4+
Kf5  55. Bh7+  Ke6
56. Bg8+  Kf5  57. Bh7+
Kf4  58. Bd6  Kg3
59. Bxe5+  Kxh3  60. Nf2+
Bxf2  61. Kxf2  g4
62. Bf5  Nd1+  63. Ke2
Ne3  64. Bc8  Nc2
65. Kd2  Ba4  66. c5
a5  67. c6  Bxc6
68. Kxc2  Bf3  69. Bxd4
Kh2  70. Bxg4  Bxg4
1/2-1/2

[Event "Mistrovstvi CR junioru a dorostencu 2018"]
[Site "Kouty nad Desnou"]
[Date "2018.03.15"]
[Round "9"]
[White "Rastocny, Josef"]
[Black "Stepan, Patrik"]
[Result "1/2-1/2"]
[WhiteElo "2098"]
[BlackElo "2226"]
[EventDate "2018.03.09"]

1. d4  Nf6  2. c4  e6
3. Nf3  b6  4. a3
Bb7  5. Nc3  d5
6. Bg5  Be7  7. e3  O-O
8. cxd5  exd5  9. Bd3
Nbd7  10. O-O  Ne4
11. Bxe7  Qxe7  12. Qc2
f5  13. Nd2  Ndf6
14. Rae1  Nxd2  15. Qxd2
Ne4  16. Qc2  Rae8
17. f3  Nxc3  18. Qxc3
Qd7  19. Rf2  Re7
20. Rfe2  Rfe8  21. Qc2
g6  22. Qb3  Kg7
23. Qc3  Kg8  24. b4
Bc6  25. Qb3  Ba4
26. Qa2  Kf8  27. Qb2
Bb5  28. Bxb5  Qxb5
29. Kf2  Re6  30. Qd2
R8e7  31. Rc1  Ke8
32. g3  a6  33. Qa2
Qd3  34. Qxd5  Rxe3
35. Qg8+  Kd7  36. Qd5+
Kc8  1/2-1/2

[Event "Mistrovstvi CR junioru a dorostencu 2018"]
[Site "Kouty nad Desnou"]
[Date "2018.03.15"]
[Round "9"]
[White "Hurdzan, Tomas"]
[Black "Kozusek, Daniel"]
[Result "0-1"]
[WhiteElo "2202"]
[BlackElo "2250"]
[EventDate "2018.03.09"]

1. e4  e6  2. d4  d5
3. Nc3  Bb4  4. e5
c5  5. a3  Bxc3+
6. bxc3  Ne7  7. Qg4
Nf5  8. Bd3  h5
9. Qf4  Nc6  10. Nf3  Qa5
11. O-O  Nce7  12. dxc5
Qxc3  13. Bd2  Qxc5
14. Bb4  Qc7  15. a4
Bd7  16. Nh4  Ng6
17. Nxg6  fxg6  18. Ra3
Qd8  19. a5  Kf7
20. Qd2  Rc8  21. f3
Qh4  22. Bxf5  gxf5
23. f4  Rc4  24. Rh3
Qd8  25. c3  Bb5
26. Rd1  g6  27. Rf3
Qc7  28. Qf2  a6
29. Qh4  Qd8  30. Qg3
Rg8  31. Qf2  g5
32. fxg5  Qxg5  33. Rg3
Rg4  34. Rxg4  Qxg4
35. Re1  h4  36. Qd2
Bd3  37. h3  Qxh3
38. Bc5  Be4  39. Re2
Rg3  40. Rxe4  fxe4
41. Qf4+  Qf5  42. Qh6
Kg8  43. Qxh4  Qg5
0-1

[Event "Mistrovstvi CR junioru a dorostencu 2018"]
[Site "Kouty nad Desnou"]
[Date "2018.03.15"]
[Round "9"]
[White "Zeman, Matyas"]
[Black "Novy, Filip"]
[Result "1-0"]
[WhiteElo "2240"]
[BlackElo "2143"]
[EventDate "2018.03.09"]

1. d4  Nf6  2. Nf3  c5
3. d5  e6  4. Nc3
Nxd5  5. Nxd5  exd5
6. Qxd5  Nc6  7. Bg5
Be7  8. c3  O-O
9. Bxe7  Qxe7  10. O-O-O  Rd8
11. Qd6  b6  12. e3
Bb7  13. Bb5  Qe6
14. b3  Na5  15. Kb2
Qg4  16. Rhg1  Bxf3
17. gxf3  Qxf3  18. Rd2
Kh8  19. Qe5  Rg8
20. Rg3  Nc6  21. Qg5
Qe4  22. Rxd7  Ne5
23. f3  Nxf3  24. Qf4
Qxf4  25. exf4  Nh4
26. Rxf7  a6  27. Bd3
Raf8  28. Rgxg7  Rxg7
29. Rxf8+  Rg8  30. Rxg8+
Kxg8  31. Be4  Kg7
32. Kc2  Ng6  33. Bxg6
Kxg6  34. Kd3  Kf5
35. Ke3  b5  36. h3
a5  37. c4  bxc4
38. bxc4  h6  39. Kf3
Kf6  40. Ke4  a4
41. a3  Ke6  42. f5+
Kf6  43. Kf4 1-0

[Event "Mistrovstvi CR junioru a dorostencu 2018"]
[Site "Kouty nad Desnou"]
[Date "2018.03.15"]
[Round "9"]
[White "Husek, Martin"]
[Black "Simet, Martin"]
[Result "0-1"]
[WhiteElo "2203"]
[BlackElo "2175"]
[EventDate "2018.03.09"]

1. e4  d6  2. d4  Nf6
3. Nc3  e5  4. Nf3
Nbd7  5. Bc4  Be7
6. O-O  O-O  7. h3
c6  8. a4  Qc7
9. b3  b6  10. Re1  a6
11. Ba3  Bb7  12. Qd2
b5  13. Bd3  Rfe8
14. Ne2  g6  15. Bb2
Bf8  16. Ng3  Bg7
17. h4  h5  18. Ng5
Nh7  19. Nxh7  Kxh7
20. Ne2  Qd8  21. g3
exd4  22. Bxd4  Ne5
23. Bxe5  dxe5  24. Rad1
Qe7  25. c4  b4
26. Kg2  Rad8  27. Qc2  c5
28. Ng1  Bh6  29. Kh2
Qf6  30. Bf1  Rxd1
31. Rxd1  Rd8  32. Rxd8
Qxd8  33. Qd3  Qxd3
34. Bxd3  Bd2  35. Nf3
Bc3  36. Kg1  Kg7
37. Nh2  f5  38. f3
f4  39. g4  Be1
40. gxh5  gxh5  41. Bf1  Bc8
42. Bg2  Bxh4  43. Nf1
Be1  44. Kh2  Be6
45. Bh3  Bxc4  46. bxc4
b3  47. Nd2  Bxd2
48. Bf1  Kf6  49. Kh3
Be1  50. Be2  Ke6
51. Bd1  b2  52. Bc2
Kd6  53. a5  Bxa5 54. Kh4
Bc3  55. Kxh5  Kc6
56. Kg5  Kb6  57. Kf5
Ka5  58. Ke6  Kb4
59. Kd5  Bd4  0-1

[Event "Mistrovstvi CR junioru a dorostencu 2018"]
[Site "Kouty nad Desnou"]
[Date "2018.03.16"]
[Round "10"]
[White "Hollan, Martin"]
[Black "Simet, Martin"]
[Result "1-0"]
[WhiteElo "2210"]
[BlackElo "2175"]
[EventDate "2018.03.09"]

1. e4  d6  2. d4  Nf6
3. Nc3  e5  4. Nf3
Nbd7  5. Bc4  Be7
6. a4  O-O  7. O-O
c6  8. h3  Qc7
9. dxe5  dxe5  10. Re1  b6
11. Nh4  g6  12. Bh6
Re8  13. Qf3  Bf8
14. Bg5  Bg7  15. Rad1
Rf8  16. g4  Kh8
17. Ne2  Ng8  18. Ng3
Nc5  19. Qa3  Ne6
20. Bxe6  fxe6  21. Re3
c5  22. Qd3  Bh6
23. Bxh6  Nxh6  24. Nf3
Nf7  25. Qc3  Ba6
26. b4  Rad8  27. Rxd8
Rxd8  28. b5  Bb7
29. Rd3  Rxd3  30. cxd3
h6  31. Nf1  g5
32. Ne3  Kg7  33. Nc4  Kf6
34. Kg2  Bc8  35. Qa1
a6  36. Qb2  axb5
37. Qxb5  Bd7  38. Qxb6
Qxb6  39. Nxb6  Bc6
40. Nd2  Nd6  41. Kf3
Nb7  42. Ndc4  Be8
43. Ke3  Bc6  44. f3
Be8  45. Kd2  Bc6
46. Kc3  Be8  47. Kd2
Bc6  48. Kc2  Be8
49. Kc3  Bc6  50. Nd2
Ke7  51. Nb3  Be8
52. a5  Bb5  53. Nxc5
1-0

[Event "Mistrovstvi CR junioru a dorostencu 2018"]
[Site "Kouty nad Desnou"]
[Date "2018.03.16"]
[Round "10"]
[White "Novy, Filip"]
[Black "Husek, Martin"]
[Result "0-1"]
[WhiteElo "2143"]
[BlackElo "2203"]
[EventDate "2018.03.09"]

1. c4  c5  2. Nc3  g6
3. g3  Bg7  4. Bg2
Nc6  5. Nf3  e6
6. a3  a5  7. O-O  Nge7
8. d3  O-O  9. Qc2
b6  10. b3  d5
11. e3  Nf5  12. Ne1  Bb7
13. Rb1  d4  14. Ne2
dxe3  15. fxe3  Qd7
16. Nf3  Rad8  17. Rd1
h5  18. Qd2  Ne5
19. Nxe5  Bxe5  20. Bb2
Bxb2  21. Rxb2  Bxg2
22. Kxg2  Qb7+  23. Kf2
h4  24. Nc3  Nh6
25. h3  hxg3+  26. Kg1
Nf5  27. Ne4  Nh4
28. Qe2  f5  29. Nxg3
Nf3+  30. Kf2  f4
31. Ne4  fxe3+  32. Kg2
Nh4+  33. Kg1  Rf2
34. Qg4  Rxb2  35. Qxh4
Rf8  36. Rf1  Rxf1+
37. Kxf1  Qf7+  38. Ke1
Rb1+  39. Ke2  Qf1+
40. Kxe3  Re1+  0-1

[Event "Mistrovstvi CR junioru a dorostencu 2018"]
[Site "Kouty nad Desnou"]
[Date "2018.03.16"]
[Round "10"]
[White "Kozusek, Daniel"]
[Black "Zeman, Matyas"]
[Result "1-0"]
[WhiteElo "2250"]
[BlackElo "2240"]
[EventDate "2018.03.09"]

1. d4  Nf6  2. c4  e6
3. Nc3  d5  4. Bf4
Bd6  5. Bg3  dxc4
6. e4  Bxg3  7. hxg3
a6  8. e5  Nd5
9. Bxc4  Nb6  10. Bd3  Nc6
11. Nge2  Qe7  12. a3
Bd7  13. Qc2  O-O-O
14. O-O-O  h6  15. Kb1
Nb8  16. Rc1  Bc6
17. f3  Rd7  18. Qb3
Rhd8  19. Be4  Qg5
20. Rc2  Qe3  21. Nb5
1-0

[Event "Mistrovstvi CR junioru a dorostencu 2018"]
[Site "Kouty nad Desnou"]
[Date "2018.03.16"]
[Round "10"]
[White "Stepan, Patrik"]
[Black "Hurdzan, Tomas"]
[Result "1/2-1/2"]
[WhiteElo "2226"]
[BlackElo "2202"]
[EventDate "2018.03.09"]

1. d4  Nf6  2. c4  e6
3. Nf3  d5  4. g3
Be7  5. Bg2  O-O
6. O-O  dxc4  7. Qc2
a6  8. Qxc4  b5
9. Qc2  Bb7  10. Bd2  Ra7
11. Rd1  Nbd7  12. Ba5
Be4  13. Qc1  Qa8
14. b4  Nb6  15. Nbd2
Bd5  16. Qc2  Ne4
17. Nb3  Nc4  18. a3
Ned6  1/2-1/2

[Event "Mistrovstvi CR junioru a dorostencu 2018"]
[Site "Kouty nad Desnou"]
[Date "2018.03.16"]
[Round "10"]
[White "Liska, Jiri"]
[Black "Rastocny, Josef"]
[Result "1/2-1/2"]
[WhiteElo "2341"]
[BlackElo "2098"]
[EventDate "2018.03.09"]

1. Nf3  Nf6  2. c4  g6
3. g3  Bg7  4. Bg2
O-O  5. d4  d6
6. Nc3  c5  7. d5  e6
8. O-O  exd5  9. cxd5
Re8  10. Bf4  Na6
11. Nd2  Nh5  12. Be3
Nc7  13. Nc4  b6
14. Ne4  Bf8  15. Bg5
f6  16. Bd2  Bf5
17. Nc3  b5  18. e4
Bd7  19. g4  Ng7
20. Ne3  b4  21. Ne2
a5  22. b3  a4
23. Qc2  Nb5  24. h3  Qc8
25. Nc4  Qd8  26. f4
axb3  27. axb3  Rxa1
28. Rxa1  h5  29. g5
fxg5  30. fxg5  Nf5
31. exf5  Rxe2  32. Qd3
Nd4  33. Bf4  Bxf5
34. Qg3  Bg7  35. Rf1
Re8  36. Kh1  Ne2
37. Qf3  Nxf4  38. Qxf4
Be5  39. Qh4  Bc3
40. Bf3  Qd7  41. Bg2
Bd3  42. Rf3  Be2
43. Re3  Bxc4  44. Rxe8+
Qxe8  45. Qxc4  Qe1+
46. Bf1  Bd4  47. Qd3
Kh7  48. Qb5  Qg3
49. Qd7+  Bg7  50. Bc4
Qe1+  51. Kg2  Qe4+
52. Kh2  Qe5+  1/2-1/2

[Event "Mistrovstvi CR junioru a dorostencu 2018"]
[Site "Kouty nad Desnou"]
[Date "2018.03.16"]
[Round "10"]
[White "Havelka, Josef"]
[Black "Pychova, Nela"]
[Result "1-0"]
[WhiteElo "2333"]
[BlackElo "2127"]
[EventDate "2018.03.09"]

1. e4  c5  2. Nf3  Nc6
3. d4  cxd4  4. Nxd4
e5  5. Nb5  a6
6. Nd6+  Bxd6  7. Qxd6  Qf6
8. Qxf6  Nxf6  9. Nc3
Nb4  10. Bd3  d6
11. Bg5  Be6  12. f4
exf4  13. Bxf6  gxf6
14. O-O  Ke7  15. Rxf4
Nxd3  16. cxd3  Rhg8
17. Re1  Rg5  18. Kf2
Rag8  19. g3  b5
20. a3  a5  21. Ne2
Rc5  22. Nd4  Rb8
23. Ke3  Rg8  24. Ref1
Rg6  25. R1f2  b4
26. axb4  axb4  27. Rf1
Rc7  28. Rh4  h6
29. Ra1  b3  30. Rh5
Rg5  31. Rxh6  Rgc5
32. Rf1  Rc2  33. Nxc2
bxc2  34. Kd2  Bb3
35. Rh8  d5  36. Rb8
Ba2  37. exd5  Bb1
38. b4  Rd7  39. Rc8
Rxd5  40. Rxc2  Bxc2
41. Kxc2  Rh5  42. h4
Rh8  43. Rf4  Rg8
44. g4  Ke6  45. Kc3
Ke5  46. Rc4  Rh8
47. h5  f5  48. Rc5+
Kf4  49. Rxf5+  Kxg4
50. Rxf7  Kxh5  51. b5
Kg6  52. Rf3  1-0

[Event "MCR mladeze, Kouty 2018 - FIDE Open"]
[Site "Kouty nad Desnou"]
[Date "2018.03.10"]
[Round "1"]
[White "Kanka, Matej"]
[Black "Eret, Jonas"]
[Result "0-1"]
[WhiteElo "1884"]
[BlackElo "2228"]
[EventDate "2018.03.10"]
[PlyCount "56"]

1. e4 e6 2. d4 d5 3. Nd2 Nf6 4. e5 Nfd7 5. Bd3 c5 6. c3 b6 7. Ne2 Ba6 8. Bxa6
Nxa6 9. O-O Nc7 10. Nf4 Be7 11. Qg4 g6 12. Nh3 a5 13. f4 h6 14. Nf3 a4 15. Nf2
Nb8 16. Qh3 Nc6 17. g4 Qd7 18. Be3 Na5 19. Nd3 Qb5 20. Rad1 c4 21. Nb4 Bxb4 22.
cxb4 Qxb4 23. Rb1 Qe7 24. Bd2 Nc6 25. Kh1 Nb5 26. Bc3 a3 27. Rfc1 axb2 28. Rxb2
Qa3 0-1

[Event "MCR mladeze, Kouty 2018 - FIDE Open"]
[Site "Kouty nad Desnou"]
[Date "2018.03.10"]
[Round "1"]
[White "Sikorova, Olga"]
[Black "Nemcova, Kamila"]
[Result "1-0"]
[WhiteElo "2222"]
[BlackElo "1876"]
[EventDate "2018.03.10"]
[PlyCount "87"]

1. c4 f5 2. g3 Nf6 3. Bg2 g6 4. Nc3 Bg7 5. Nf3 d6 6. d4 c6 7. O-O O-O 8. Qc2
Na6 9. a3 Qe8 10. d5 e5 11. dxc6 bxc6 12. Rd1 Qe7 13. Qa4 Bb7 14. b4 d5 15.
cxd5 cxd5 16. Qb3 Kh8 17. e3 Rfd8 18. Bb2 Nc7 19. b5 Ne4 20. a4 Rac8 21. Rac1
Rd7 22. Ba3 Qd8 23. Nxe4 dxe4 24. Rxd7 Qxd7 25. Ne1 Bd5 26. Qb2 Bg8 27. Bf1 Nd5
28. Rc2 Nb6 29. Rxc8 Qxc8 30. a5 Nd5 31. Qd2 h5 32. Nc2 f4 33. Nb4 Nxb4 34.
Bxb4 f3 35. Qc3 Qd7 36. Qc2 Qg4 37. Qc6 Bh6 38. Bc5 h4 39. b6 hxg3 40. hxg3
axb6 41. axb6 Bf4 42. exf4 exf4 43. Qf6+ Kh7 44. Bd4 1-0

[Event "MCR mladeze, Kouty 2018 - FIDE Open"]
[Site "Kouty nad Desnou"]
[Date "2018.03.10"]
[Round "1"]
[White "Rolinek, Frantisek"]
[Black "Safarik, Jakub"]
[Result "0-1"]
[WhiteElo "1864"]
[BlackElo "2186"]
[EventDate "2018.03.10"]
[PlyCount "62"]

1. e4 c5 2. f4 Nc6 3. Nf3 g6 4. Nc3 Bg7 5. b3 e6 6. Bb2 d5 7. e5 a6 8. Na4 b6
9. d4 cxd4 10. Nxd4 Nge7 11. c4 O-O 12. Be2 Bb7 13. Bf3 g5 14. cxd5 Nxd5 15.
O-O gxf4 16. Bxd5 Qxd5 17. Nxb6 Qxe5 18. Nc4 Qc5 19. Rxf4 e5 20. Qh5 Nxd4 21.
Bxd4 Qc6 22. Rg4 exd4 23. Na5 Qd5 24. Rg5 f5 25. Nxb7 Qxb7 26. Re1 f4 27. Ree5
f3 28. Rxg7+ Kxg7 29. Qg5+ Kh8 30. Re7 f2+ 31. Kf1 Qb5+ 0-1

[Event "MCR mladeze, Kouty 2018 - FIDE Open"]
[Site "Kouty nad Desnou"]
[Date "2018.03.10"]
[Round "1"]
[White "Vystrcil, Martin"]
[Black "Broz, Pavel"]
[Result "1-0"]
[WhiteElo "2146"]
[BlackElo "1859"]
[EventDate "2018.03.10"]
[PlyCount "59"]

1. e4 e6 2. d4 d5 3. Nd2 c5 4. Ngf3 dxe4 5. Nxe4 Nf6 6. Nxc5 Bxc5 7. dxc5 Qa5+
8. c3 Qxc5 9. Be3 Qe7 10. Qb3 O-O 11. g3 Nc6 12. Bg2 e5 13. O-O Be6 14. Qa4 Nd5
15. Rfe1 f6 16. a3 Qf7 17. Nd2 Nxe3 18. Rxe3 Rfd8 19. Ne4 Bd5 20. Rd3 Ne7 21.
Rad1 Rf8 22. Nd6 Bb3 23. Qd7 Rfd8 24. Qxd8+ Rxd8 25. Nxf7 Rxd3 26. Nh6+ gxh6
27. Rxd3 Be6 28. Bxb7 Kf7 29. b4 Bf5 30. Rd6 1-0

[Event "MCR mladeze, Kouty 2018 - FIDE Open"]
[Site "Kouty nad Desnou"]
[Date "2018.03.10"]
[Round "1"]
[White "Ptacek, Jan"]
[Black "Holasek, Pavel"]
[Result "0-1"]
[WhiteElo "1856"]
[BlackElo "2127"]
[EventDate "2018.03.10"]
[PlyCount "90"]

1. e4 c5 2. Nf3 e6 3. c4 d6 4. d4 cxd4 5. Nxd4 Nf6 6. Nc3 a6 7. Be2 g6 8. O-O
Bg7 9. Be3 O-O 10. Qd2 Re8 11. Rab1 Qc7 12. b4 b6 13. Rfd1 Bb7 14. f3 Nbd7 15.
Na4 d5 16. exd5 exd5 17. c5 bxc5 18. bxc5 Bc6 19. Bf4 Ne5 20. Nb6 Ra7 21. Re1
Nfd7 22. Nxd7 Qxd7 23. Bf1 Raa8 24. Bxe5 Bxe5 25. Kh1 h5 26. Rb6 Bxd4 27. Rxe8+
Rxe8 28. Qxd4 Bb5 29. Qf2 Bxf1 30. Qxf1 Qc7 31. Qc1 d4 32. Kg1 d3 33. Rd6 Re1+
34. Qxe1 Qxc5+ 35. Kf1 Qxd6 36. Qd2 Qd4 37. g3 a5 38. Kg2 a4 39. a3 Qd6 40. Kf2
Qxa3 41. Ke3 Kg7 42. h3 Qc5+ 43. Kxd3 Qd5+ 44. Ke3 Qxd2+ 45. Kxd2 Kf6 0-1

[Event "MCR mladeze, Kouty 2018 - FIDE Open"]
[Site "Kouty nad Desnou"]
[Date "2018.03.10"]
[Round "1"]
[White "Taus, Martin"]
[Black "Londin, Simon"]
[Result "0-1"]
[WhiteElo "2126"]
[BlackElo "1848"]
[EventDate "2018.03.10"]
[PlyCount "74"]

1. d4 Nf6 2. Bf4 c5 3. d5 Qb6 4. Nc3 Qxb2 5. Bd2 Qb6 6. e4 d6 7. Nf3 g6 8. Rb1
Qc7 9. Bc4 Bg7 10. O-O O-O 11. Re1 Nbd7 12. Nb5 Qd8 13. a4 a6 14. Na3 Ng4 15.
h3 Nge5 16. Nxe5 Nxe5 17. f4 Nxc4 18. Nxc4 b5 19. Ba5 Qe8 20. Nb6 Rb8 21. e5
dxe5 22. fxe5 Bb7 23. axb5 axb5 24. Qe2 c4 25. Qe3 e6 26. Qc5 exd5 27. Nxd5 Qd7
28. Bc7 Qxd5 29. Qxd5 Bxd5 30. Bxb8 Rxb8 31. c3 Be6 32. Kf2 Bf8 33. Ke3 b4 34.
cxb4 Bxb4 35. Red1 c3 36. Rbc1 Bb3 37. Rd3 c2 0-1